[Event "Oberliga Nord O 0708"]
[Site "Germany"]
[Date "2008.01.20"]
[Round "5.1"]
[White "Rosenthal, Dirk"]
[Black "Lipinsky, Fabian"]
[Result "1-0"]
[WhiteElo "2378"]
[BlackElo "2349"]
[PlyCount "67"]
[EventDate "2007.10.21"]
[EventType "team-tourn"]
[EventRounds "9"]
[EventCountry "GER"]
[SourceTitle "EXT 2009"]
[Source "ChessBase"]
[SourceDate "2008.11.26"]
[SourceVersion "1"]
[SourceVersionDate "2008.11.26"]
[SourceQuality "1"]
[WhiteTeam "Oberschoeneweide"]
[BlackTeam "Koenig Tegel II"]
[WhiteTeamCountry "GER"]
[BlackTeamCountry "GER"]

1. e4 e5 2. Nf3 Nf6 3. Nxe5 d6 4. Nf3 Nxe4 5. d4 d5 6. Bd3 Nc6 7. 0-0 Be7 8. Nc3 Bf5 9. Re1 Nxc3 10. bxc3 Bxd3 11. cxd3 0-0 12. Rb1 Rb8 13. Bf4 b5 14. Re3 Rb6 15. Qe2 Bf6 16. Re1 h6 17. a3 Ra6 18. Ne5 Nxe5 19. dxe5 Bg5 20. Bxg5 Qxg5 21. d4 c6 22. e6 fxe6 23. Rxe6 Rxa3 24. Rxc6 Qf5 25. f3 a6 26. Rc7 Qg6 27. Qe5 Rd8 28. Qe7 Rd6 29. Rc8+ Kh7 30. Qf8 Qf6 31. Qg8+ Kg6 32. Rf8 Qg5 33. Qf7+ Kh7 34. Qe8 1-0

[Event "Oberliga Nord O 0708"]
[Site "Germany"]
[Date "2007.10.21"]
[Round "1.1"]
[White "Lipinsky, Fabian"]
[Black "Rolle, Eric"]
[Result "1-0"]
[WhiteElo "2349"]
[BlackElo "2214"]
[PlyCount "65"]
[EventDate "2007.10.21"]
[EventType "team-tourn"]
[EventRounds "9"]
[EventCountry "GER"]
[SourceTitle "EXT 2009"]
[Source "ChessBase"]
[SourceDate "2008.11.26"]
[SourceVersion "1"]
[SourceVersionDate "2008.11.26"]
[SourceQuality "1"]
[WhiteTeam "Koenig Tegel II"]
[BlackTeam "Eberswalde"]
[WhiteTeamCountry "GER"]
[BlackTeamCountry "GER"]

1. d4 Nf6 2. c4 g6 3. Nc3 Bg7 4. e4 d6 5. Be2 0-0 6. Nf3 Bg4 7. Be3 Nfd7 8. Qd2 c5 9. d5 a6 10. Bh6 Bxf3 11. Bxf3 b5 12. cxb5 axb5 13. Nxb5 Ne5 14. Be2 Ra4 15. Nc3 Rd4 16. Qe3 f5 17. Bxg7 f4 18. Qc1 Kxg7 19. f3 Qa5 20. 0-0 Nbd7 21. Rd1 Rb8 22. Rb1 g5 23. g3 Rf8 24. Kg2 Rxd1 25. Qxd1 Nb6 26. Kh1 Qb4 27. Nb5 Nbc4 28. Nc7 Nd2 29. a3 Qa5 30. Ne6+ Kg8 31. b4 Qxa3 32. Qxd2 Nxf3 33. Qb2 1-0

[Event "BL2-Nord 0506"]
[Site "Germany"]
[Date "2006.02.19"]
[Round "7.7"]
[White "Lipinsky, Fabian"]
[Black "Lisek, Juergen"]
[Result "0-1"]
[WhiteElo "2369"]
[BlackElo "2293"]
[PlyCount "126"]
[EventDate "2005.10.23"]
[EventType "team-tourn"]
[EventRounds "9"]
[EventCountry "GER"]
[SourceTitle "EXT 2007"]
[Source "ChessBase"]
[SourceDate "2006.11.23"]
[SourceVersion "1"]
[SourceVersionDate "2006.11.23"]
[SourceQuality "1"]
[WhiteTeam "Koenig Tegel"]
[BlackTeam "Berlin Rotation"]
[WhiteTeamCountry "GER"]
[BlackTeamCountry "GER"]

1. d4 e6 2. c4 Bb4+ 3. Nc3 Bxc3+ 4. bxc3 f5 5. c5 b6 6. Ba3 Nf6 7. Qb3 Nc6 8. e3 Rb8 9. Qc2 Bb7 10. Nh3 Ne7 11. f3 0-0 12. Bd3 bxc5 13. Bxc5 d6 14. Ba3 Ned5 15. Qd2 Qe8 16. 0-0 Qa4 17. Bc1 Ba6 18. Nf2 Nb6 19. e4 Bxd3 20. Qxd3 Qc4 21. Re1 fxe4 22. fxe4 d5 23. Ba3 Rfe8 24. Qg3 Qc6 25. e5 Nfd7 26. Ng4 Kh8 27. Rac1 Nc4 28. Bb4 a5 29. Bc5 Nxc5 30. dxc5 Qxc5+ 31. Kh1 Rf8 32. Rf1 Nd2 33. Rfe1 Ne4 34. Qh4 Rf4 35. Rf1 Rbf8 36. Rxf4 Rxf4 37. h3 h6 38. Rb1 Kh7 39. Nf6+ Rxf6 40. exf6 Nxf6 41. Rf1 Qxc3 42. Qf4 Nh5 43. Rc1 Nxf4 44. Rxc3 d4 45. Rxc7 d3 46. Rc1 e5 47. g3 e4 48. gxf4 e3 49. Kg2 d2 50. Rd1 e2 51. Rxd2 e1Q 52. Rf2 Kg6 53. f5+ Kg5 54. a3 a4 55. Rf3 Qe4 56. Kg3 h5 57. Kf2 Kh4 58. Kg2 Qd5 59. Kf2 Qd2+ 60. Kf1 Qh2 61. Ke1 Qxh3 62. Rxh3+ Kxh3 63. Kf2 Kg4 0-1

[Event "BL2-Nord 0506"]
[Site "Germany"]
[Date "2006.01.29"]
[Round "6.8"]
[White "Lipinsky, Fabian"]
[Black "Gurack, Daniel"]
[Result "1/2-1/2"]
[WhiteElo "2369"]
[BlackElo "2187"]
[PlyCount "81"]
[EventDate "2005.10.23"]
[EventType "team-tourn"]
[EventRounds "9"]
[EventCountry "GER"]
[SourceTitle "EXT 2007"]
[Source "ChessBase"]
[SourceDate "2006.11.23"]
[SourceVersion "1"]
[SourceVersionDate "2006.11.23"]
[SourceQuality "1"]
[WhiteTeam "Koenig Tegel"]
[BlackTeam "Ruedersdorf"]
[WhiteTeamCountry "GER"]
[BlackTeamCountry "GER"]

1. d4 d5 2. c4 e6 3. Nc3 Nf6 4. cxd5 exd5 5. Bg5 Nbd7 6. e3 Be7 7. Qc2 0-0 8. Nf3 c6 9. Bd3 Re8 10. h3 Nf8 11. Bf4 Ne6 12. Be5 Nf8 13. 0-0-0 Bb4 14. g4 Bxc3 15. Qxc3 Ne4 16. Qc2 f5 17. Bh2 Qa5 18. Kb1 Be6 19. Nd2 Nxd2+ 20. Rxd2 Bf7 21. h4 Bg6 22. Bxf5 Re4 23. Bf4 Bxf5 24. gxf5 Re7 25. Rg1 Qd8 26. Qd1 Kh8 27. Qg4 Qe8 28. Rdd1 Rd8 29. Rc1 Qf7 30. Rg2 h6 31. Rcg1 Nh7 32. Qf3 Qe8 33. Rg6 Nf8 34. Qh5 Nh7 35. f3 Red7 36. a3 Re7 37. Ka1 Red7 38. Kb1 Re7 39. Ka2 Red7 40. R1g2 Re7 41. Kb1 1/2-1/2

[Event "BL2-Nord 0405"]
[Site "Germany"]
[Date "2005.01.30"]
[Round "6.5"]
[White "Stanke, Juergen"]
[Black "Lipinsky, Fabian"]
[Result "1-0"]
[WhiteElo "2308"]
[BlackElo "2371"]
[PlyCount "87"]
[EventDate "2004.10.24"]
[EventType "team-tourn"]
[EventRounds "9"]
[EventCountry "GER"]
[SourceTitle "EXT 2007"]
[Source "ChessBase"]
[SourceDate "2006.11.23"]
[SourceVersion "1"]
[SourceVersionDate "2006.11.23"]
[SourceQuality "1"]
[WhiteTeam "Hamburger SK II"]
[BlackTeam "Koenig Tegel"]
[WhiteTeamCountry "GER"]
[BlackTeamCountry "GER"]

1. g3 d5 2. Bg2 c6 3. f4 g6 4. Nf3 Bg7 5. Nc3 Nf6 6. d3 0-0 7. 0-0 Qb6+ 8. e3 Ng4 9. d4 Nd7 10. h3 Nh6 11. b3 Qc7 12. Bb2 Nb6 13. a4 a5 14. Qe1 Bd7 15. Ne5 Bc8 16. Rc1 Re8 17. Nd3 Nf5 18. g4 Nd6 19. Ne2 f6 20. Ng3 Nf7 21. e4 dxe4 22. Nxe4 f5 23. gxf5 Bxf5 24. Nec5 e6 25. Rd1 Nd7 26. Qf2 Nf6 27. Ne5 Nd6 28. c4 b6 29. Ncd3 Nde4 30. Qe3 Bf8 31. Nf2 Nxf2 32. Rxf2 c5 33. Bxa8 Rxa8 34. d5 exd5 35. cxd5 Ne4 36. Re2 Bd6 37. Qf3 Nf6 38. Ng4 Bxg4 39. hxg4 Rf8 40. Re6 Ne8 41. Qc3 Kf7 42. Rde1 Qd7 43. Rf6+ Kg8 44. Rxg6+ 1-0

[Event "BL2-Nord 0304"]
[Site "Germany"]
[Date "2004.??.??"]
[Round "?.6"]
[White "Pajeken, Wolfgang"]
[Black "Lipinsky, Fabian"]
[Result "0-1"]
[WhiteElo "2320"]
[BlackElo "2370"]
[PlyCount "60"]
[EventDate "2003.10.??"]
[EventType "team-tourn"]
[EventRounds "9"]
[EventCountry "GER"]
[SourceTitle "CBM 100 Extra"]
[Source "ChessBase"]
[SourceDate "2004.07.06"]
[SourceVersion "2"]
[SourceVersionDate "2004.07.06"]
[SourceQuality "1"]
[WhiteTeam "Hamburger SK II"]
[BlackTeam "Koenig Tegel"]
[WhiteTeamCountry "GER"]
[BlackTeamCountry "GER"]

1. c4 e6 2. Nc3 d5 3. d4 c6 4. Nf3 Nf6 5. e3 Nbd7 6. Qc2 Bd6 7. b3 0-0 8. Be2 b6 9. 0-0 Bb7 10. Bb2 Qe7 11. Rfd1 Rad8 12. Rac1 Rfe8 13. Qb1 h6 14. Qa1 Ne4 15. Nxe4 dxe4 16. Nd2 f5 17. c5 Bb8 18. cxb6 axb6 19. g3 Qg5 20. Bf1 h5 21. Nc4 h4 22. Ne5 hxg3 23. hxg3 Nf6 24. Be2 Nd5 25. Rc2 Bxe5 26. dxe5 Kf7 27. Bf1 Rh8 28. Qc1 Qh5 29. Bg2 Nxe3 30. Rd7+ Rxd7 0-1

[Event "BL2-Nord 0203"]
[Site "Germany"]
[Date "2003.03.09"]
[Round "8.4"]
[White "Kreuzholz, Michael"]
[Black "Lipinsky, Fabian"]
[Result "0-1"]
[WhiteElo "2334"]
[BlackElo "2387"]
[PlyCount "130"]
[EventDate "2002.10.20"]
[EventType "team-tourn"]
[EventRounds "9"]
[EventCountry "GER"]
[SourceTitle "EXT 2004"]
[Source "ChessBase"]
[SourceDate "2003.11.25"]
[SourceVersion "1"]
[SourceVersionDate "2003.11.25"]
[SourceQuality "1"]
[WhiteTeam "Luebeck II"]
[BlackTeam "Koenig Tegel"]
[WhiteTeamCountry "GER"]
[BlackTeamCountry "GER"]

1. e4 c5 2. Nf3 d6 3. d4 cxd4 4. Nxd4 Nf6 5. Nc3 a6 6. Bg5 e6 7. f4 Nc6 8. e5 h6 9. Bh4 dxe5 10. Nxc6 Qxd1+ 11. Rxd1 bxc6 12. fxe5 Nd5 13. Ne4 Rb8 14. b3 Bb4+ 15. Kf2 0-0 16. Be2 Bb7 17. c4 Ne7 18. Bxe7 Bxe7 19. Rd7 Ba3 20. Nd6 Ba8 21. Rd1 c5 22. Bh5 g6 23. Bf3 Bb2 24. Bxa8 Rxa8 25. Nb7 Rfc8 26. Re1 Bd4+ 27. Kf3 Ra7 28. Ke4 Rb8 29. Rd8+ Rxd8 30. Nxd8 Rc7 31. Rf1 a5 32. Rf6 Bg1 33. h3 h5 34. Rf1 Bd4 35. g4 hxg4 36. hxg4 Kg7 37. Rf6 Kg8 38. Rf1 Bc3 39. Rd1 Bd4 40. Rf1 Kg7 41. Rf6 Rd7 42. Nc6 Bb2 43. Rf2 Ba3 44. Rh2 Rd1 45. Rf2 Rd7 46. Rh2 Rc7 47. Nd8 Bc1 48. Rh1 Bg5 49. Rd1 Be7 50. Rd6 Bxd6 51. exd6 Rd7 52. Nc6 Rxd6 53. Nxa5 Rb6 54. a3 Kf6 55. Kd3 Kg5 56. Kc3 f5 57. gxf5 exf5 58. b4 Ra6 59. Kb3 f4 60. Nb7 cxb4 61. axb4 f3 62. Nc5 Ra1 63. b5 Kf4 64. Nd3+ Ke4 65. Nf2+ Kd4 0-1

[Event "BL2-Nord 0203"]
[Site "Germany"]
[Date "2003.02.09"]
[Round "6.4"]
[White "Lipinsky, Fabian"]
[Black "Chevelevitch, Evgueni"]
[Result "0-1"]
[WhiteElo "2387"]
[BlackElo "2349"]
[PlyCount "160"]
[EventDate "2002.10.20"]
[EventType "team-tourn"]
[EventRounds "9"]
[EventCountry "GER"]
[SourceTitle "EXT 2004"]
[Source "ChessBase"]
[SourceDate "2003.11.25"]
[SourceVersion "1"]
[SourceVersionDate "2003.11.25"]
[SourceQuality "1"]
[WhiteTeam "Koenig Tegel"]
[BlackTeam "Hamburger SK II"]
[WhiteTeamCountry "GER"]
[BlackTeamCountry "GER"]

1. d4 Nf6 2. Nf3 g6 3. c4 Bg7 4. Nc3 0-0 5. e4 d6 6. Be2 e5 7. 0-0 Nc6 8. d5 Ne7 9. Ne1 Nd7 10. Be3 f5 11. f3 f4 12. Bf2 g5 13. Rc1 Ng6 14. c5 Nxc5 15. b4 Na6 16. Nd3 Bd7 17. a4 Rf7 18. Nb5 Qb8 19. Nb2 Bf8 20. Rc4 c6 21. Nc3 c5 22. bxc5 Nxc5 23. Bxc5 dxc5 24. Nd3 b6 25. Qb3 Qd8 26. Rb1 Rf6 27. Nd1 Qe8 28. N3b2 Kh8 29. Rcc1 Rc8 30. Nf2 c4 31. Rxc4 Bc5 32. Nbd3 Bd4 33. Rxd4 exd4 34. Qb4 Rf8 35. Qxd4+ Kg8 36. Bd1 Qe7 37. Bb3 Qg7 38. e5 Rce8 39. Re1 Bf5 40. h3 Kh8 41. Qb2 Rc8 42. Ne4 Rfe8 43. e6 Bxe4 44. Qxg7+ Kxg7 45. Rxe4 Rc3 46. Bc4 Kf6 47. h4 Nxh4 48. Bb5 Nf5 49. Bxe8 Rxd3 50. Bc6 Rd2 51. e7 Nxe7 52. Re6+ Kf7 53. Be8+ Kf8 54. d6 Nf5 55. d7 Rd1+ 56. Kf2 Ng3 57. Re1 Rxe1 58. Kxe1 Ke7 59. Kd2 Nf5 60. Ke2 Nd6 61. Bh5 Kxd7 62. Bg4+ Kc6 63. Kd3 Kc5 64. Be6 h6 65. Bd7 Kd5 66. Bg4 a6 67. Bd7 b5 68. Kc3 Kc5 69. axb5 axb5 70. Be6 b4+ 71. Kd3 Nb5 72. Ke4 Nd4 73. Bg8 b3 74. Ke5 b2 75. Bh7 Ne2 76. Kf6 Kd6 77. Kg7 Ke5 78. Kxh6 Kf6 79. Kh5 Nc3 80. Kg4 b1Q 0-1

[Event "BL2-Nord 0304"]
[Site "Germany"]
[Date "2003.??.??"]
[Round "?.6"]
[White "Frohberg, Marco"]
[Black "Lipinsky, Fabian"]
[Result "0-1"]
[WhiteElo "2220"]
[BlackElo "2370"]
[PlyCount "64"]
[EventDate "2003.10.??"]
[EventType "team-tourn"]
[EventRounds "9"]
[EventCountry "GER"]
[SourceTitle "CBM 100 Extra"]
[Source "ChessBase"]
[SourceDate "2004.07.06"]
[SourceVersion "2"]
[SourceVersionDate "2004.07.06"]
[SourceQuality "1"]
[WhiteTeam "Luebeck"]
[BlackTeam "Koenig Tegel"]
[WhiteTeamCountry "GER"]
[BlackTeamCountry "GER"]

1. e4 c5 2. Nf3 d6 3. Bb5+ Nd7 4. 0-0 Ngf6 5. Re1 a6 6. Bf1 e5 7. c3 Be7 8. d4 0-0 9. Bg5 Re8 10. dxe5 dxe5 11. Nbd2 Qc7 12. Nc4 b5 13. Ne3 Bb7 14. Nd5 Nxd5 15. exd5 f6 16. Be3 Bd6 17. c4 e4 18. Nh4 bxc4 19. Bxc4 Ne5 20. Qc2 Nxc4 21. Qxc4 Bxh2+ 22. Kh1 Bd6 23. Nf5 Re5 24. Nxd6 Qxd6 25. Kg1 Rh5 26. g3 Bxd5 27. Qe2 g6 28. Rac1 Rc8 29. Qg4 Be6 30. Qe2 Bxa2 31. Ra1 Qe6 32. b3 Bxb3 0-1

[Event "BL2-Nord 0304"]
[Site "Germany"]
[Date "2003.??.??"]
[Round "?.6"]
[White "Lipinsky, Fabian"]
[Black "Pedersen, Steffen"]
[Result "1/2-1/2"]
[WhiteElo "2315"]
[BlackElo "2415"]
[PlyCount "75"]
[EventDate "2003.10.??"]
[EventType "team-tourn"]
[EventRounds "9"]
[EventCountry "GER"]
[SourceTitle "CBM 100 Extra"]
[Source "ChessBase"]
[SourceDate "2004.07.06"]
[SourceVersion "2"]
[SourceVersionDate "2004.07.06"]
[SourceQuality "1"]
[WhiteTeam "Koenig Tegel"]
[BlackTeam "Preetz"]
[WhiteTeamCountry "GER"]
[BlackTeamCountry "GER"]

1. d4 d5 2. c4 c6 3. Nf3 Nf6 4. Nc3 a6 5. c5 Nbd7 6. Bf4 Nh5 7. e3 Nxf4 8. exf4 b6 9. b4 g6 10. Bd3 Bg7 11. Rc1 Qc7 12. Qd2 bxc5 13. bxc5 f6 14. f5 Nf8 15. 0-0 Bxf5 16. Bxf5 gxf5 17. Nh4 e6 18. Qe2 Kf7 19. Rfe1 Rb8 20. Rb1 Rxb1 21. Rxb1 Ng6 22. Qxa6 Rb8 23. Nxg6 Rxb1+ 24. Nxb1 Kxg6 25. g3 e5 26. Qb6 Qe7 27. Qxc6 exd4 28. Nd2 Bh6 29. Nf3 Qe4 30. Nh4+ Kg5 31. Qc8 d3 32. Qg8+ Kh5 33. Qf7+ Kg5 34. Qg8+ Kh5 35. Qf7+ Kg5 36. Qg8+ Kh5 37. Qf7+ Kg5 38. Qg8+ 1/2-1/2

[Event "AUT-chT 0102"]
[Site "Austria"]
[Date "2002.01.18"]
[Round "6.2"]
[White "Van der Weide, Karel"]
[Black "Lipinsky, Fabian"]
[Result "1/2-1/2"]
[WhiteElo "2457"]
[BlackElo "2390"]
[PlyCount "31"]
[EventDate "2001.10.31"]
[EventType "team-tourn"]
[EventRounds "11"]
[EventCountry "AUT"]
[SourceTitle "EXT 2002"]
[Source "ChessBase"]
[SourceDate "2001.11.25"]
[SourceVersion "1"]
[SourceVersionDate "2001.11.25"]
[SourceQuality "1"]
[WhiteTeam "Gamlitz"]
[BlackTeam "Graz Austria"]
[WhiteTeamCountry "AUT"]
[BlackTeamCountry "AUT"]

1. Nf3 d5 2. g3 c6 3. Bg2 Bg4 4. d3 Nd7 5. Nbd2 Ngf6 6. 0-0 e5 7. e4 dxe4 8. dxe4 Bc5 9. h3 Bh5 10. Qe1 0-0 11. a3 Ne8 12. b4 Be7 13. Nc4 f6 14. Nh4 Bf7 15. Qe2 Nb6 16. Nxb6 1/2-1/2

[Event "Bayern-chI Bank Hofmann 5th"]
[Site "Bad Wiessee"]
[Date "2001.11.04"]
[Round "9"]
[White "Tauber, Manfred"]
[Black "Lipinsky, Fabian"]
[Result "0-1"]
[WhiteElo "2258"]
[BlackElo "2390"]
[PlyCount "96"]
[EventDate "2001.10.27"]
[EventType "swiss"]
[EventRounds "9"]
[EventCountry "GER"]
[SourceTitle "EXT 2003"]
[Source "ChessBase"]
[SourceDate "2002.11.25"]
[SourceVersion "1"]
[SourceVersionDate "2002.11.25"]
[SourceQuality "1"]

1. d4 d5 2. Nf3 Nf6 3. c4 c6 4. Nc3 e6 5. e3 Nbd7 6. Bd3 dxc4 7. Bxc4 b5 8. Bd3 a6 9. 0-0 Bb7 10. e4 c5 11. d5 Qc7 12. Bg5 Be7 13. Qe2 h6 14. Bh4 c4 15. Bc2 e5 16. Bg3 Nh5 17. Nh4 g6 18. Nf5 Nxg3 19. Nxg3 h5 20. Rfe1 Nf6 21. Nf1 Bc5 22. h3 Kf8 23. Ne3 Bd4 24. Rab1 Rc8 25. Qf3 Nd7 26. Kh1 Qb6 27. Qg3 Qf6 28. Ne2 Qb6 29. Ng1 h4 30. Qf3 Nf6 31. Ng4 Nxg4 32. hxg4 Kg7 33. Nh3 Rc7 34. Qe2 Bc8 35. Rf1 Qd6 36. Bd1 b4 37. Ba4 Rc5 38. Bc6 Bd7 39. Bxd7 Qxd7 40. g5 Rhc8 41. f4 exf4 42. Qd2 Be5 43. Qxb4 c3 44. bxc3 Rb5 45. Qa4 f3 46. Ng1 fxg2+ 47. Kxg2 Rb2+ 48. Rxb2 Qxa4 0-1

[Event "Bayern-chI Bank Hofmann 5th"]
[Site "Bad Wiessee"]
[Date "2001.11.03"]
[Round "8"]
[White "Lipinsky, Fabian"]
[Black "Pierecker, Markus"]
[Result "1/2-1/2"]
[WhiteElo "2390"]
[BlackElo "2272"]
[PlyCount "120"]
[EventDate "2001.10.27"]
[EventType "swiss"]
[EventRounds "9"]
[EventCountry "GER"]
[SourceTitle "EXT 2003"]
[Source "ChessBase"]
[SourceDate "2002.11.25"]
[SourceVersion "1"]
[SourceVersionDate "2002.11.25"]
[SourceQuality "1"]

1. d4 Nf6 2. Nf3 g6 3. c4 Bg7 4. g3 0-0 5. Bg2 d6 6. 0-0 c5 7. dxc5 dxc5 8. Nc3 Be6 9. Ng5 Bd7 10. Bxb7 Nc6 11. Bxa8 Qxa8 12. Nce4 Rd8 13. f3 Nxe4 14. Nxe4 Bh3 15. Qa4 Bd4+ 16. Rf2 Ne5 17. Bf4 Ng4 18. Qc2 f5 19. fxg4 Bxf2+ 20. Kxf2 fxe4 21. Ke3 Bxg4 22. Rd1 Bf5 23. Rxd8+ Qxd8 24. Qd2 Qb6 25. b3 Kf7 26. Qd5+ Be6 27. Qe5 Qa5 28. Qa1 Qd8 29. Bh6 Bf5 30. Bg5 Qd6 31. Qh8 h5 32. Qh7+ Ke6 33. Qg7 Kd7 34. Qc3 e5 35. Kf2 Qd4+ 36. Qxd4+ exd4 37. e3 d3 38. Ke1 Kc6 39. Bd8 a6 40. Kd2 Bg4 41. Ba5 Be6 42. Kc1 Bf7 43. Kb2 Be6 44. Bd2 Bf7 45. Kc3 Be6 46. a3 Bf7 47. b4 Be6 48. Be1 Kb6 49. Kb3 a5 50. Bd2 cxb4 51. axb4 a4+ 52. Kxa4 Bxc4 53. Ka3 Kb5 54. Kb2 Kc6 55. Kc3 Kd5 56. Bc1 Ba6 57. Bb2 Ke5 58. Kd2+ Kf5 59. h4 Kg4 60. Be5 Kf3 1/2-1/2

[Event "BL2-Nord 0102"]
[Site "Germany"]
[Date "2001.10.07"]
[Round "1.3"]
[White "Tischbierek, Raj"]
[Black "Lipinsky, Fabian"]
[Result "1-0"]
[WhiteElo "2493"]
[BlackElo "2397"]
[PlyCount "65"]
[EventDate "2001.10.07"]
[EventType "team-tourn"]
[EventRounds "9"]
[EventCountry "GER"]
[SourceTitle "CBM 088 Extra"]
[Source "ChessBase"]
[SourceDate "2002.07.01"]
[SourceVersion "2"]
[SourceVersionDate "2002.07.01"]
[SourceQuality "1"]
[WhiteTeam "Kreuzberg"]
[BlackTeam "Koenig Tegel"]
[WhiteTeamCountry "GER"]
[BlackTeamCountry "GER"]

1. e4 c5 2. Nc3 Nc6 3. Nge2 d6 4. d4 cxd4 5. Nxd4 Nf6 6. Be3 Ng4 7. Bg5 h6 8. Bh4 g5 9. Bg3 Bg7 10. Nb3 Bxc3+ 11. bxc3 Nge5 12. Be2 h5 13. h4 g4 14. 0-0 Be6 15. a4 Rc8 16. Qd2 a6 17. Rab1 Nc4 18. Qg5 Na3 19. Rbd1 Qb6 20. a5 Qa7 21. Qg7 Kd7 22. Qg5 Ke8 23. Rd5 Bxd5 24. exd5 Ne5 25. Bxe5 dxe5 26. Qxe5 Rh6 27. Bd3 b5 28. Bf5 e6 29. Qg7 Qe7 30. Qxh6 exf5 31. Nd4 Rxc3 32. Nc6 Qc5 33. Qh8+ 1-0

[Event "Bundesliga 0001"]
[Site "Germany"]
[Date "2001.04.01"]
[Round "13.4"]
[White "Lipinsky, Fabian"]
[Black "Timman, Jan H"]
[Result "0-1"]
[WhiteElo "2362"]
[BlackElo "2639"]
[PlyCount "74"]
[EventDate "2000.10.14"]
[EventType "team-tourn"]
[EventRounds "15"]
[EventCountry "GER"]
[SourceTitle "CBM 082 Extra"]
[Source "ChessBase"]
[SourceDate "2001.07.03"]
[SourceVersion "1"]
[SourceVersionDate "2001.07.03"]
[SourceQuality "1"]
[WhiteTeam "Koenig Tegel"]
[BlackTeam "Koeln Porz"]
[WhiteTeamCountry "GER"]
[BlackTeamCountry "GER"]

1. d4 Nf6 2. c4 e6 3. Nf3 b6 4. a3 Ba6 5. Qc2 Bb7 6. Nc3 c5 7. e4 cxd4 8. Nxd4 Bc5 9. Nb3 Be7 10. e5 Ng8 11. Nb5 Nc6 12. Bf4 g5 13. Bg3 h5 14. h4 gxh4 15. Bxh4 Nxe5 16. Nd6+ Kf8 17. Nxb7 Qc7 18. Bg3 Bf6 19. Be2 Rb8 20. Nd2 h4 21. Bh2 Rxb7 22. Ne4 h3 23. g4 Bg7 24. 0-0-0 Nf6 25. Nd6 Nfxg4 26. Bxg4 Nxg4 27. Qe2 Nxh2 28. Rxh2 Rb8 29. Qf3 f5 30. Rxh3 Rxh3 31. Qxh3 Qd8 32. Kb1 Qf6 33. Rd2 a6 34. Qd3 Qe5 35. Ka2 b5 36. cxb5 axb5 37. Re2 Qd4 0-1

[Event "Bundesliga 0001"]
[Site "Germany"]
[Date "2001.01.28"]
[Round "7.4"]
[White "Beim, Valery"]
[Black "Lipinsky, Fabian"]
[Result "1/2-1/2"]
[WhiteElo "2528"]
[BlackElo "2362"]
[PlyCount "193"]
[EventDate "2000.10.14"]
[EventType "team-tourn"]
[EventRounds "15"]
[EventCountry "GER"]
[SourceTitle "CBM 082 Extra"]
[Source "ChessBase"]
[SourceDate "2001.07.03"]
[SourceVersion "1"]
[SourceVersionDate "2001.07.03"]
[SourceQuality "1"]
[WhiteTeam "Tegernsee"]
[BlackTeam "Koenig Tegel"]
[WhiteTeamCountry "GER"]
[BlackTeamCountry "GER"]

1. c4 e6 2. Nf3 d5 3. g3 dxc4 4. Qa4+ Nd7 5. Bg2 a6 6. Qxc4 b5 7. Qc2 Bb7 8. 0-0 c5 9. d3 Ngf6 10. Nc3 Be7 11. Bg5 0-0 12. a4 Nd5 13. Bxe7 Qxe7 14. axb5 Nxc3 15. bxc3 axb5 16. Rfb1 Rxa1 17. Rxa1 Bxf3 18. Bxf3 Qd6 19. e3 Rb8 20. d4 b4 21. cxb4 cxd4 22. Qc6 Qxc6 23. Bxc6 Ne5 24. b5 dxe3 25. fxe3 Nxc6 26. bxc6 Rc8 27. Ra6 Kf8 28. Kf2 Ke7 29. Ra7+ Kf6 30. Ra6 Rc7 31. g4 h6 32. Kf3 Ke5 33. h4 Kd6 34. Ra8 Kxc6 35. Rg8 f6 36. Ra8 Kd6 37. Ra5 Ke7 38. Rb5 Rd7 39. Ra5 Rd5 40. Ra7+ Rd7 41. Ra5 Kf7 42. Ra6 Rd5 43. Ra7+ Kg8 44. Re7 Re5 45. Kf4 Kf8 46. Ra7 h5 47. gxh5 Rxh5 48. Kg4 Re5 49. Kf4 Rf5+ 50. Kg4 Rf1 51. Kg3 Kg8 52. Re7 e5 53. Kg2 Re1 54. Kf2 Rh1 55. Kg3 Re1 56. Kf2 Ra1 57. Kf3 Ra4 58. e4 Ra3+ 59. Kg4 Re3 60. Kh5 Kf8 61. Ra7 Rxe4 62. Rf7+ Ke8 63. Rxg7 f5 64. Kg5 Rg4+ 65. Kf6 Rxg7 66. Kxg7 f4 67. h5 f3 68. h6 f2 69. h7 f1Q 70. h8Q+ Kd7 71. Qa8 Qf5 72. Qd5+ Ke7 73. Qc5+ Ke8 74. Qa5 Qg5+ 75. Kh7 Qf6 76. Qb5+ Kf8 77. Qb8+ Kf7 78. Qb3+ Qe6 79. Qf3+ Ke7 80. Qa3+ Kf6 81. Kh6 e4 82. Qf8+ Ke5+ 83. Kg5 Kd4 84. Qb4+ Qc4 85. Qd2+ Qd3 86. Qb4+ Ke3 87. Qe1+ Qe2 88. Qg1+ Kf3 89. Qg4+ Kf2 90. Qh4+ Ke3 91. Qf4+ Kd3 92. Qd6+ Kc2 93. Qc5+ Kd1 94. Qg1+ Kd2 95. Qd4+ Qd3 96. Qf2+ Kd1 97. Kf4 1/2-1/2

[Event "Bundesliga 0001"]
[Site "Germany"]
[Date "2001.01.07"]
[Round "5.4"]
[White "Polzin, Rainer"]
[Black "Lipinsky, Fabian"]
[Result "1-0"]
[WhiteElo "2465"]
[BlackElo "2362"]
[PlyCount "139"]
[EventDate "2000.10.14"]
[EventType "team-tourn"]
[EventRounds "15"]
[EventCountry "GER"]
[SourceTitle "CBM 082 Extra"]
[Source "ChessBase"]
[SourceDate "2001.07.03"]
[SourceVersion "1"]
[SourceVersionDate "2001.07.03"]
[SourceQuality "1"]
[WhiteTeam "Neukoelln"]
[BlackTeam "Koenig Tegel"]
[WhiteTeamCountry "GER"]
[BlackTeamCountry "GER"]

1. e4 e5 2. Bc4 Nf6 3. d4 exd4 4. Nf3 Nc6 5. e5 d5 6. Bb5 Nd7 7. 0-0 Be7 8. Re1 0-0 9. Bxc6 bxc6 10. Nxd4 Nb8 11. Qf3 c5 12. Nf5 Bxf5 13. Qxf5 Nc6 14. c3 Qc8 15. Qc2 Qe6 16. f4 g6 17. Be3 f6 18. exf6 Qxf6 19. Nd2 Bd6 20. Nf3 d4 21. cxd4 Nxd4 22. Qc4+ Qf7 23. Qxf7+ Rxf7 24. Bxd4 cxd4 25. g3 Rf5 26. Rac1 Ra5 27. Ra1 Rb8 28. Re2 d3 29. Rd2 Rab5 30. b3 Ra5 31. Rxd3 Rc5 32. Rad1 Re8 33. R1d2 Rc1+ 34. Kg2 Re4 35. Rd4 Re8 36. Rc4 Rb1 37. Ng5 Ree1 38. Ne4 Rg1+ 39. Kh3 Rbd1 40. Rcd4 Rxd2 41. Rxd2 Ra1 42. Kg2 Kf7 43. Kf3 h6 44. a4 Ra3 45. Rd3 Ke6 46. h3 Ra1 47. Re3 Kf7 48. Nxd6+ cxd6 49. Ke4 Ke6 50. Kd4+ Kd7 51. Kc4 Rd1 52. Rd3 Rc1+ 53. Kb5 Rc6 54. b4 Kc7 55. Ka5 Rc4 56. b5 Kd7 57. Ra3 d5 58. Ka6 Rc7 59. a5 Kc8 60. Re3 Rf7 61. Re8+ Kd7 62. Re5 Kd6 63. b6 axb6 64. axb6 Kc6 65. Re6+ Kc5 66. b7 Rf8 67. Ka7 d4 68. b8Q Rxb8 69. Kxb8 d3 70. Kc7 1-0

[Event "Bundesliga 0001"]
[Site "Germany"]
[Date "2001.??.??"]
[Round "15.4"]
[White "Bosch, Jeroen"]
[Black "Lipinsky, Fabian"]
[Result "1-0"]
[WhiteElo "2405"]
[BlackElo "2362"]
[PlyCount "61"]
[EventDate "2000.10.14"]
[EventType "team-tourn"]
[EventRounds "15"]
[EventCountry "GER"]
[SourceTitle "EXT 2002"]
[Source "ChessBase"]
[SourceDate "2001.11.25"]
[SourceVersion "1"]
[SourceVersionDate "2001.11.25"]
[SourceQuality "1"]
[WhiteTeam "Castrop Rauxel"]
[BlackTeam "Koenig Tegel"]
[WhiteTeamCountry "GER"]
[BlackTeamCountry "GER"]

1. e4 e5 2. Nf3 Nf6 3. Nc3 Nc6 4. a3 d5 5. Bb5 d4 6. Ne2 Bd6 7. d3 Bg4 8. Ng3 Nh5 9. h3 Nxg3 10. fxg3 Bh5 11. 0-0 0-0 12. g4 Bg6 13. Qe1 Ne7 14. Bc4 Qd7 15. Qg3 b5 16. Ba2 c5 17. Nxe5 Bxe5 18. Qxe5 Kh8 19. Qxc5 Rac8 20. Qg5 Rxc2 21. Bb3 Rcc8 22. Bd2 f6 23. Qh4 Bf7 24. Bxf7 Rxf7 25. Rac1 Ng6 26. Qg3 Rff8 27. Rxc8 Rxc8 28. g5 Rc6 29. gxf6 gxf6 30. Rf5 Rc2 31. Bh6 1-0